1155 1347 1806 1619 1080 1771 1938 1242 1311 1518 1382 1631 1281 1089 1193 1087 1400 1485 1670 1664 1934 1001 1888 1354 1124 1186 1665 1587 1248 1517 1522 1790 1038 1127 1378 1458 1226 1182 1702 1312 1409 1332 1316 1019 1596 1005 1141 1039 1070 1889 1959 1761 1806 1298 1479 1334 1109 1962 1586 1991 1519 1300 1792 1841 1507 1311 1075 1650 1014 1388 1559 1382 1389 1095 1325 1157 1081 1505 1797 1736 1074 1769 1119 1031 1367 1628 1142 1596 1354 1506 1776 1524 1120 1731 1373 1220 1513 1598 1407 BCNSPRNW ULIB Ver.6.0+V

เปลี่ยนเป็นภาษาไทย

Change to English
 แสดงรายละเอียดบรรณานุกรม
  กลับหน้าหลัก

Brief Record : Get Marc (ISO 2709) : E-mail record : QR code < ปิดหน้าต่าง
LEADER : 00000nam 2200000uu 4500
001    13399124298
003     ULIB
008    150220s2557||||th 000 0 tha d
020    ^a9789746522786
060 04 ^aQS4^bก768ม
100 0  ^aเกล็ดแก้ว ด่านวิวัฒน์
245 10 ^aมหกายวิภาคศาสตร์พื้นฐาน /^cเกล็ดแก้ว ด่านวิวัฒน์
250    ^aพิมพ์ครั้งที่ 2.
260    ^aกรุงเทพฯ :^bไอกรุ๊ปเพรส,^c2557.
300    ^a196 หน้า :^bภาพประกอบ ;^c27 ซม.
500    ^aSend to Single Search.
650  4 ^aกายวิภาคศาสตร์
945    ^p250^l0^i22892
945    ^p250^l0^i22893
945    ^p250^l0^i22894
945    ^p250^l0^i22895
999    ^aทศพร เกษรทอง
รายการนี้ยังไม่มีแท็ก
คุณยังไม่ได้ล็อกอิน คุณสามารถมีกิจกรรมร่วมกับเว็บไซต์ได้ แต่ต้องล็อกอินก่อน ::
  ล็อกอิน

รายการสื่อสารสนเทศ

ลำดับที่ ประเภท เลขเรียก/บาร์โค้ด สถานที่ สถานะ
1. วิทยาศาสตร์การแพทย์ และสุขภาพ
วิทยาศาสตร์การแพทย์ และสุขภาพ
สถานะ=หนังสือเก่า
QS4 ก768ม ฉ.1 
  Barcode: 22892
ห้องสมุดวิทยาเขตนครสวรรค์
►ส่วนจัดเก็บหนังสือเก่า นว.
บนชั้น
  ขอยืม
2. วิทยาศาสตร์การแพทย์ และสุขภาพ
วิทยาศาสตร์การแพทย์ และสุขภาพ
สถานะ=หนังสือเก่า
QS4 ก768ม ฉ.2 
  Barcode: 22893
ห้องสมุดวิทยาเขตนครสวรรค์
►ส่วนจัดเก็บหนังสือเก่า นว.
บนชั้น
  ขอยืม
3. วิทยาศาสตร์การแพทย์ และสุขภาพ
วิทยาศาสตร์การแพทย์ และสุขภาพ
สถานะ=หนังสือเก่า
QS4 ก768ม ฉ.3 
  Barcode: 22894
ห้องสมุดวิทยาเขตนครสวรรค์
►ส่วนจัดเก็บหนังสือเก่า นว.
บนชั้น
  ขอยืม
4. วิทยาศาสตร์การแพทย์ และสุขภาพ
วิทยาศาสตร์การแพทย์ และสุขภาพ
สถานะ=หนังสือเก่า
QS4 ก768ม ฉ.4 
  Barcode: 22895
ห้องสมุดวิทยาเขตนครสวรรค์
►ส่วนจัดเก็บหนังสือเก่า นว.
บนชั้น
  ขอยืม

รายการใกล้เคียง
    ผู้แต่ง [เกล็ดแก้ว ด่านวิวัฒน์]

    หัวเรื่อง [กายวิภาคศาสตร์]

BibComment


ยังไม่เคยถูกคอมเมนท์

คอมเมนท์ทรัพยากรรายการนี้
  คอมเมนท์: มหกายวิภาคศาสตร์..


 Copyright 2026. Bcnsprnw @Library